000 00698nam a2200229Ia 4500
008 191130s2009##################000#0#eng##
020 _a9780763750503
022 _a2008018042
040 _aACL
_cACL
082 _a362.1068 ROW
100 _aRowitz, Louis
245 _aPublic health leadership : putting principles into practice
_cLouis Rowitz
250 _a2nd ed
260 _aBoston, MA
_bJones and Bartlett Publishers
_cc2009
300 _axv, 570 p. : ill. ; 26 cm
500 _aIncludes bibliographical references and index
650 _aLeadership
650 _aPublic health administration
990 _acfd6a5ffac10000c7b3c006d241ff249
991 _a364147
999 _c47127
_d47127